000
00296nam a2200133Ia 4500
005
20251222141957.0
008
251222s9999||||xx |||||||||||||| ||spa||
020
_a
950-637-032-X
082
_a
741.6/S98
100
_a
Swann, Alan
245
0
_a
Diseño Gráfico:
264
_b
Blume
942
_c
LIB
999
_c
9889
_d
9889